000 00566nam a2200193Ia 4500
003 GCL
008 140319s9999 xx 000 0 ara d
020 _a9066351977
040 _aGCL /
_cGCL
082 0 4 _a813.03
_bح ل
100 1 _aحمدى ابو جليل
245 1 0 _aلصوص متقاعدون /
_cحمدى ابو جليل
250 _aالاولى
260 _aالقاهرة :
_bميريت للنشر والمعلومات ،
_c2002
300 _a128 ص ؛
_c20 سم
650 0 4 _aالقصص العربية
650 0 4 _aالقصة
942 _2ddc
_cBK
999 _c5960
_d5960